Public photographic spaces : (Record no. 400)

MARC details
000 -LEADER
campo de control de longitud fija 01349cam a2200337 a 4500
001 - NÚMERO DE CONTROL
campo de control 7153037
005 - FECHA Y HORA DE LA ÚLTIMA TRANSACCIÓN
campo de control 20220326193308.0
008 - DATOS DE LONGITUD FIJA--INFORMACIÓN GENERAL
campo de control de longitud fija 090420s2008 sp a c 000 0 eng d
020 ## - NÚMERO INTERNACIONAL ESTÁNDAR DEL LIBRO
Número Internacional Estándar del Libro 8492505061 :
Condiciones de disponibilidad 59.00 EUR.
035 ## - NÚMERO DE CONTROL DEL SISTEMA
Número de control de sistema (OCoLC)317588104
035 ## - NÚMERO DE CONTROL DEL SISTEMA
Número de control de sistema (OCoLC)ocn317588104
035 ## - NÚMERO DE CONTROL DEL SISTEMA
Número de control de sistema (NNC)7153037
040 ## - FUENTE DE CATALOGACIÓN
Centro catalogador/agencia de origen ItFiC
Lengua de catalogación eng
Centro/agencia transcriptor ItFiC
045 ## - PERIODO DE TIEMPO DEL CONTENIDO
Código de periodo de tiempo x0x4
-- x4x-
082 14 - NÚMERO DE LA CLASIFICACIÓN DECIMAL DEWEY
Número de clasificación 779.092
Número de ítem M332e
100 ## - ENTRADA PRINCIPAL--NOMBRE DE PERSONA
Nombre de persona Ribalta, Jorge.
9 (RLIN) 1908
110 ## - ENTRADA PRINCIPAL--NOMBRE DE ENTIDAD CORPORATIVA
Nombre de entidad corporativa o nombre de jurisdicción como elemento de entrada Museu d'Art Contemporani de Barcelona,
9 (RLIN) 1909
245 00 - MENCIÓN DEL TÍTULO
Título Public photographic spaces :
Resto del título exhibitions of Propaganda, from Pressa to The Family of Man, 1928-55 /
Mención de responsabilidad, etc. [curator, Jorge Ribalta].
260 ## - PUBLICACIÓN, DISTRIBUCIÓN, ETC.
Lugar de publicación, distribución, etc. [Barcelona] :
Nombre del editor, distribuidor, etc. Museu d'Art Contemporani de Barcelona,
Fecha de publicación, distribución, etc. 2008.
300 ## - DESCRIPCIÓN FÍSICA
Extensión 491 p. :
Otras características físicas ill. (some col.) ;
Dimensiones 26 cm.
500 ## - NOTA GENERAL
Nota general Publ. on the occasion of the exhibition Universal Archive, Barcelona, Museu d'Art Contemporani de Barcelona, Oct. 23, 2008- Jan. 6, 2009.
500 ## - NOTA GENERAL
Nota general Text in English.
504 ## - NOTA DE BIBLIOGRAFÍA, ETC.
Nota de bibliografía, etc. Includes bibliographical references.
650 #0 - PUNTO DE ACCESO ADICIONAL DE MATERIA--TÉRMINO DE MATERIA
Término de materia o nombre geográfico como elemento de entrada Photography
Subdivisión general Museums
-- History.
9 (RLIN) 1910
650 #0 - PUNTO DE ACCESO ADICIONAL DE MATERIA--TÉRMINO DE MATERIA
Término de materia o nombre geográfico como elemento de entrada Photography
Subdivisión general Exhibitions
-- History.
9 (RLIN) 1911
650 #0 - PUNTO DE ACCESO ADICIONAL DE MATERIA--TÉRMINO DE MATERIA
Término de materia o nombre geográfico como elemento de entrada Political posters
Subdivisión general Exhibitions
-- History.
9 (RLIN) 1912
700 1# - ENTRADA AGREGADA--NOMBRE PERSONAL
Nombre de persona Ribalta, Jorge.
9 (RLIN) 1913
856 42 - LOCALIZACIÓN Y ACCESO ELECTRÓNICOS
Identificador Uniforme de Recursos <a href="http://www.columbia.edu/cgi-bin/cul/resolve?clio7153037">http://www.columbia.edu/cgi-bin/cul/resolve?clio7153037</a>
Materiales especificados TOC
948 1# - PROCESAMIENTO DE INFORMACIÓN LOCAL (OCLC); DESIGNADOR DE PARTE DE LA SERIE (RLIN)
Designador de la parte de la serie, SPT (RLIN) 20090603
b (OCLC) c
c (OCLC) rhg9
d (OCLC) SCMC
Holdings
Estatus retirado Estado de pérdida Fuente del sistema de clasificación o colocación Estado de daño No para préstamo Biblioteca de origen Biblioteca actual Ubicación en estantería Fecha de adquisición Total de préstamos Signatura topográfica completa Código de barras Visto por última vez Precio de reemplazo Tipo de ítem Koha
    Clasificación Decimal Dewey     Biblioteca LadoV Biblioteca LadoV   12/12/2014   779.092 M332e 000444 12/12/2014 12/12/2014 Material 01